Statistics for Harry Potter Secret Message

Click here to take the quiz!

General Stats

  • This quiz has been taken 200 times
  • The average score is 11 of 13

Answer Stats

QuestionAnswer% Correct
Who plays as Hermione in the movies?Emma Watson
99%
What is Harry's mother called?Lily Potter
96%
Dolores_______Umbridge
93%
What/Who sorts the students of Hogwarts into their houses?Sorting Hat
92%
Name Hagrid's Acromantula.Aragog
90%
Frank____, Alice____, Augusta____.Longbottom
90%
What is the name of Luna's father?Xenophilius Lovegood
89%
Who is the Transfiguration teacher at Hogwarts?Minerva McGonagall
87%
Ignotus, Cadmus and Antioch have a surname, what is it?Peverell
76%
Who is Bellatrix Lestrange marries to?Rodolphus Lestrange
70%
What is the secret message?EXPELLIARMUS
66%
What is the 2nd best grade you can possibly get in your O.W.Ls?Exceeds Expectations
58%
What is Madam Pince's first name?Irma
52%

Score Distribution

Percentile by Number Answered

Percent of People with Each Score

Your Score History

You have not taken this quiz